Tekst piosenki "Nice - LemON" - Statystyki

Ogólne statystyki
  • Ten quiz został rozwiązany 46 razy
  • Średni wynik to 39 z 59
Statystyki odpowiedzi
Hint Odpowiedź % Poprawnych
w to co ... mam
95%
Nigdy bym nie ... zwątpił
95%
Czy bym wtedy ... i wciąż stał zwątpił
95%
Gdybyś ... mi powiedziała
92%
że kiedyś będą tutaj ... wszyscy
92%
Przerzuć kartkę ... zaryzykuj
89%
musisz ... dzień chwytać
87%
musisz ... dzień chwytać
87%
musisz ... dzień chwytać
87%
Zrozumiałem by ... żyć
87%
Zrozumiałem by ... żyć
87%
Zrozumiałem by ... żyć
87%
bądź ... dziwakiem
84%
Nie idź ... ścieżką
84%
Wtedy ... że nie jestem sam czułbym
82%
Weź się w ... ten dzień jest twoim dniem garść
82%
Weź się w ... ten dzień jest twoim dniem garść
82%
Weź się w ... ten dzień jest twoim dniem garść
82%
... nie znaczy żyć istnieć
79%
... nie znaczy żyć istnieć
79%
... nie znaczy żyć istnieć
79%
Tak wiele ... serc
79%
Tak wiele ... serc
79%
w naszych ... sercach
79%
w naszych ... sercach
79%
w naszych ... sercach
79%
Wstań by ... bo biec
74%
Wstań by ... bo biec
74%
Wstań by ... bo biec
74%
własną ... otwórz głowę depcz
74%
Gdybym ... cię u mego boku dostrzegł
74%
w mojej ... wcześniej bitwie
66%
... milcz myśl i czuj Smakuj
61%
A ... że będzie dla wierzę
61%
A ... że będzie dla wierzę
61%
A ... że będzie dla wierzę
61%
każdego z nas ... piękno
58%
każdego z nas ... piękno
58%
każdego z nas ... piękno
58%
Gdyby każdy ... miał kolec różę
55%
wiele ... słów
55%
wiele ... słów
55%
Nigdy nie burz ... twórz buduj
50%
Potrafimy ... i marzyć kochać
50%
Tak wiele ... łez
50%
wiele ... jest w nas snów
50%
wiele ... jest w nas snów
50%
Zanim powiesz ... bądź zrozum
50%
Tak wiele ... jest w nas jest w nas ciepła
47%
... zobacz migawki
47%
... dać i na mojej drodze zysk
45%
Dlatego wszyscy jesteśmy ... zwycięzcami
42%
Jest ryzyko ... nadal oswojenia
39%
Gdyby każda ... mogła strata
39%
Gdybym nie ... gdybym w mojej bitwie miał kogoś był sobą
37%
wiele ... jest w nas chwil
32%
Zbędna mowa nowa ... krótko skrzydła
26%
... miejsce słów Konotując
21%
... kielich ból łapacz snów Miękkość kości
16%
Nie znaleziono quizów pasujących do podanych kryteriów
Rozkład punktacji
Procent ludzi z każdym wynikiem
Percentyl według liczby udzielonych odpowiedzi
Twoja historia wyników
Nie rozwiązałeś tego quizu